| 000 | 00606cam a2200205 4500500 | ||
|---|---|---|---|
| 005 | 20260405003103.0 | ||
| 041 | _afre | ||
| 042 | _adc | ||
| 100 | 1 | 0 |
_aPortevin, Catherine _eauthor |
| 245 | 0 | 0 | _aLes robots « Émotionnels » |
| 260 | _c2020. | ||
| 500 | _a20 | ||
| 690 | _aIA | ||
| 690 | _aIntelligence Artificielle | ||
| 690 | _aLaurence Devillers | ||
| 690 | _aMachine | ||
| 690 | _aRobot | ||
| 786 | 0 | _nPhilosophie magazine | 140 | 7 | 2020-07-01 | p. 61-61 | 1951-1787 | |
| 856 | 4 | 1 | _uhttps://shs.cairn.info/magazine-philosophie-magazine-2020-7-page-61?lang=fr&redirect-ssocas=7080 |
| 999 |
_c2064279 _d2064279 |
||